000 00283nam a22001217a 4500
999 _c164862
_d164862
082 _a
_b
100 _aNirmala Jain
245 _aHindi aalochana ki beesvin sadi/
_cby Nirmala Jain.
260 _aNew Delhi:
_bRadhakrishna,
_c2006.
300 _a108p.
650 _a
942 _cBK